00442nam a2200109Ia 4500008004100000082001500041100001400056245014600070942000600216952009700222999001300319240331s9999 xx 000 0 und d a297.5bTHO aThomas, P 0aHindu religion ,customs and manners :bDescribing the Customs and Manners, Religion, Social and Domestic life,Arts and Sciences of the Hindus cL 001040708LaWERCLbWERCLcSSCd2024-03-31l0o 297.5 THOp3269r2024-03-31w2024-03-31yL c945d945